Técnicas participativas para la educación popular

Guardat en:
Dades bibliogràfiques
Autor principal: Vargas Vargas, Laura
Format: Text
Idioma:Spanish
Publicat: San Jose: Alforja
Matèries:
Etiquetes: Afegir etiqueta
Sense etiquetes, Sigues el primer a etiquetar aquest registre!

MARC

LEADER 00000 a a2200000 04500
001 33805
003 cru CIDCACS/IIS
005 20170803161923.0
008 170803b xxu||||| |||| 00| 0 spa d
999 |c 10796  |d 10796 
020 |a 997792600 
040 |c cru CIDCACS/IIS 
090 |a 06.03.04 V297t 
100 |a Vargas Vargas, Laura  
245 |a Técnicas participativas para la educación popular  
260 |a San Jose:   |b Alforja  
300 |a paginación irregular 
300 |b il.  
500 |a Existe una nueva edición del 2011 dividida por dos tomos 
650 |a EDUCACION POPULAR  
650 |a EDUCACION COMUNITARIA  
650 |a PARTICIPACION SOCIAL  
650 |a DINAMICA DE GRUPOS  
650 |a MANUALES  
942 |2 ddc  |c LI  |i 14181  |h 06.03.04 V297t  |6 06_030000000000000_04_V297T_14181